| 000 | 01137cam a2200337 i 4500 | ||
|---|---|---|---|
| 001 | 18395212 | ||
| 003 | EG-ScBUE | ||
| 005 | 20241029093634.0 | ||
| 008 | 141204s2015 enka f b f001 0 eng d | ||
| 020 | _a9781107479500 | ||
| 020 | _a1107479509 | ||
| 040 |
_aDLC _beng _erda _cDLC _dDLC _dEG-ScBUE |
||
| 082 | 0 | 4 |
_a518 _222 _bHUT |
| 100 | 1 |
_aHutchinson, I. H. _q(Ian H.), _d1951- _eauthor. |
|
| 245 | 1 | 2 |
_aA student's guide to numerical methods / _cIan H. Hutchinson, Massachusetts Institute of Technology. |
| 264 | 1 |
_aCambridge : _bCambridge University Press, _c2015. |
|
| 300 |
_axiv, 207 pages : _billustrations ; _c24 cm |
||
| 336 |
_2rdacontent _atext _btxt |
||
| 337 |
_aunmediated _2rdamedia _bn |
||
| 338 |
_avolume _bnc _2rdacarrier |
||
| 504 | _aIncludes bibliographical references and index. | ||
| 650 | 7 |
_aNumerical analysis. _2BUEsh _9465 |
|
| 650 | 7 |
_aMeasurement. _2BUEsh _96915 |
|
| 650 | 7 |
_aNumber concept. _2BUEsh |
|
| 650 | 7 |
_aMatrices. _2BUEsh _97107 |
|
| 650 | 7 |
_aMathematics _xStudy and teaching. _2BUEsh _913780 |
|
| 651 | _2BUEsh | ||
| 653 |
_bCOMAME _cDecember2016 |
||
| 655 | _vReading book | ||
| 942 |
_2ddc _cBB |
||
| 999 |
_c23507 _d23479 |
||